000 00519nam a22001817a 4500
003 OSt
005 20180116183008.0
008 150812b xxu||||| |||| 00| 0 eng d
020 _a0887306411
040 _c0
082 _a332.6322 LEE 1993
100 _aStephen Leeb
245 _aMarket Timing for the Nineties
_bThe Five key Signals for when to Buy, Hold, and Sell
_cStephen Leeb
260 _aUSA
_bHarper Business
_c1993
300 _a191 p.
_bHB
440 _aMarket Timing for the Nineties
942 _2ddc
_cBK
999 _c350138
_d350138